Подробности
| 000 -МАРКЕР |
| контрольное поле |
01850nam0a2200373 4500 |
| 001 - ИДЕНТИФИКАТОР ЗАПИСИ |
| контрольное поле |
RU\NLR\BIBL_A\011549085 |
| 005 - ИДЕНТИФИКАТОР ВЕРСИИ |
| контрольное поле |
20171219111821.0 |
| 010 ## - МЕЖДУНАРОДНЫЙ СТАНДАРТНЫЙ НОМЕР КНИГИ (ISBN) |
| Номер (ISBN) |
978-5-17-104753-5 |
| Тираж |
3000 |
| 021 ## - НОМЕР ГОСУДАРСТВЕННОЙ РЕГИСТРАЦИИ |
| Код страны |
Российская Федерация |
| Номер |
КН-П-21-025782 |
| Номер Листа государственной регистраци |
КН-П-21-1989 |
| 035 ## - ДРУГИЕ СИСТЕМНЫЕ НОМЕРА |
| Идентификатор записи |
(NLR Aleph) 011549085 |
| 035 ## - ДРУГИЕ СИСТЕМНЫЕ НОМЕРА |
| Идентификатор записи |
(RuMoRGB)009460035 |
| 100 ## - ДАННЫЕ ОБЩЕЙ ОБРАБОТКИ |
| Данные общей обработки |
20171207d2017 c y0rusy50 ca |
| 101 0# - ЯЗЫК РЕСУРСА |
| Язык текста, звукозаписи и т.д. |
русский |
| 102 ## - СТРАНА ПУБЛИКАЦИИ ИЛИ ПРОИЗВОДСТВА |
| Страна публикации |
Российская Федерация |
| 105 ## - ПОЛЕ КОДИРОВАННЫХ ДАННЫХ: ТЕКСТОВЫЕ МАТЕРИАЛЫ, МОНОГРАФИЧЕСКИЕ |
| Кодированные данные о монографическом текстовом документе |
a z 000ay |
| 200 1# - ЗАГЛАВИЕ И СВЕДЕНИЯ ОБ ОТВЕТСТВЕННОСТИ |
| Основное заглавие |
Детство Никиты |
| Сведения, относящиеся к заглавию |
с вопросами и ответами для почемучек |
| -- |
[повесть |
| -- |
для младшего и среднего школьного возраста] |
| Первые сведения об ответственности |
А. Толстой |
| Последующие сведения об ответственности |
[комментарии биолога Евгении Вязниковой |
| -- |
художники Гордеева Е. А. и др.] |
| 210 ## - ПУБЛИКАЦИЯ, РАСПРОСТРАНЕНИЕ И ДР. |
| Место издания, распространения и т.д. |
Москва |
| Имя издателя, распространителя и т. д. |
Аванта |
| -- |
АСТ |
| Дата издания, распространения и т.д. |
2017 |
| -- |
(макет 2018) |
| 215 ## - ФИЗИЧЕСКАЯ ХАРАКТЕРИСТИКА |
| Специфическое обозначение материала и объем |
186, [5] с. |
| Другие сведения о физической характеристике |
ил. |
| Размеры |
22 |
| 225 1# - СЕРИЯ |
| Основное заглавие серии |
Лучшие рассказы о живой природе с вопросами и ответами для почемучек |
| 225 1# - СЕРИЯ |
| Основное заглавие серии |
Серия "Лучшие рассказы о живой природе с вопросами и ответами для почемучек" |
| 225 1# - СЕРИЯ |
| Основное заглавие серии |
Государственный биологический музей им. К.А. Тимирязева рекомендует |
| 333 ## - ПРИМЕЧАНИЯ ОБ ОСОБЕННОСТЯХ РАСПРОСТРАНЕНИЯ И ИСПОЛЬЗОВАНИЯ |
| Текст примечания |
0+ |
| 686 ## - ИНДЕКСЫ ДРУГИХ КЛАССИФИКАЦИЙ |
| Индекс |
Ш9(2)6=Р72-471 |
| Код системы |
|
| 686 0# - ИНДЕКСЫ ДРУГИХ КЛАССИФИКАЦИЙ |
| Индекс |
Ш9(2)60=Р7-4 |
| 686 0# - ИНДЕКСЫ ДРУГИХ КЛАССИФИКАЦИЙ |
| Индекс |
Ш9(2)62=Р7-4 |
| 700 #1 - ИМЯ ЛИЦА - ПЕРВИЧНАЯ ОТВЕТСТВЕННОСТЬ |
| Начальный элемент ввода |
Толстой |
| Часть имени, кроме начального элемента ввода |
А. Н. |
| Даты |
1883-1945 |
| Расширение инициалов личного имени |
Алексей Николаевич |
| Идентификатор авторитетной/нормативной записи |
RU\NLR\AUTH\771113 |
| 702 #1 - ИМЯ ЛИЦА - ВТОРИЧНАЯ ОТВЕТСТВЕННОСТЬ |
| Начальный элемент ввода |
Гордеева |
| Часть имени, кроме начального элемента ввода |
Е. А. |
| Расширение инициалов личного имени |
Екатерина Александровна |
| Код отношения |
Иллюстратор |
| 942 ## - ДОПОЛНИТЕЛЬНЫЕ ЭЛЕМЕНТЫ ЗАПИСИ (АБИС) |
| Тип экземпляра АБИС |
Книга |
| 980 ## - КОЛЛЕКЦИЯ |
| Название коллекции |
Национальная библиография |